LEADER 01032nam a2200253 i 4500 001 991001781559707536 008 120709s2012 mau 000 0 eng 020 $a9780857932181 (hardcover) 035 $ab14069672-39ule_inst 040 $aFacoltà SSPT$bita 082 0 $a330.092 100 1 $aReisman, David$0477276 245 14$aThe social economics of Thorstein Veblen /$cDavid Reisman 260 $aNorthampton, MA :$bEdward Elgar Pub.,$c2012 300 $avii, 338 p. ;$c24 cm 600 14$aVeblen, Thorstein 650 4$aEconomia sociale$xTeorie 907 $a.b14069672$b02-04-14$c09-07-12 912 $a991001781559707536 945 $aLE021 330.09 REI01.01$g1$i2020000042891$lle021$op$pE148.88$q-$rn$s- $t0$u0$v0$w0$x0$y.i15455622$z09-11-12 945 $aLE025 ECO 330 REI01.01$g1$i2025000262812$lle025$nProf.ssa Sunna$o-$pE107.05$q-$rl$s- $t0$u0$v0$w0$x0$y.i15510384$z15-05-13 996 $aSocial economics of Thorstein Veblen$9239461 997 $aUNISALENTO 998 $ale020$ale025$b09-07-12$cm$da $e-$feng$gmau$h4$i0